00748nam a2200193 a 4500008004100000050001700041100001200058245007900070260003900149300000900188350000900197490004600206700001800252700002200270710001500292995010300307999001700410952012700427080924s2006 ||||||||||||||||| || u aIBRD(08)PRWP aMu, Ren10aAre there lasting impacts of aid to poor areas?: evidence from rural China aWashington, D.C.bWorld Bankc2006 a48p. a0.00 aWorld Bank policy research working papers aChen, Shaohua aRavallion, Martin aWorld Bank D0.00FCBU-MAIN LIBRARY (Kitwe)H1I0.00M4084UAVAILABLEWSep 24, 2008ZInternational Publications c34822d34822 00102lcc4070a001b001cInternational Publicationsd2022-11-30l0oIBRD(08)PRWPpZ03002887r2022-11-30w2022-11-30y002